How to make money in stock options
| Main Author: | |
|---|---|
| Format: | Book |
| Published: |
Englewood Cliffs, NJ :
Prentice-Hall ,
c1984
|
| Subjects: |
MARC
| LEADER | 00000cam a2200000 7i4500 | ||
|---|---|---|---|
| 001 | 0000002611 | ||
| 005 | 20070618093000.0 | ||
| 008 | 021118s1984 | ||
| 020 | |a 0134238303 | ||
| 090 | 0 | 0 | |a HG6042 |b .S24 1984 |
| 100 | 0 | |a Saint-Peter, Norman , |e author | |
| 245 | 0 | 0 | |a How to make money in stock options |c Norman Saint-Peter |
| 260 | 2 | |a Englewood Cliffs, NJ : |b Prentice-Hall , |c c1984 | |
| 300 | |a 290 p. ; ; |c 24 cm. | ||
| 500 | |a Includes index | ||
| 650 | 0 | |a Put and call transactions |x Handbooks, manuals, etc. | |
| 999 | |a 1000019745 |b Book |c OPEN SHELF (30 DAYS) |e Gong Badak Campus | ||